000
00352nam a2200157Ia 4500
100
_a
Beer/ F.P./ Johnston/ Russell
250
_a
3
942
_c
BK
654
_a
Engineers Dynamics
245
_a
Vector Mechanics for Engineers Dynamics
260
_b
T.M.H.
_c
1998
082
_a
620.1
_b
BEE/JOH
300
_a
588
546
_a
ENGLISH
999
_c
22207
_d
22207